000 00334 a2200133 4500
005 20260520130427.0
020 _a9789362244185
084 _2CC
_a D6940bG:55
100 _aABHIJEET SHEOREY, Ed
_914818
245 _aGeothermal resources
260 _bDiscovery publishing house,
_c2025,
_aDelhi
300 _a249p.
942 _cBK
_2CC
999 _c756472
_d756472